00510nam a22001577a 450000500170000001000150001702000260003203500140005803700090007208200080008110000290008924500570011826000440017527001130021930000200033220220321130636.0 aENG-132039 a9789383051540c150.00 aEN-115571 bDBAD a485 aRaghavan, Shrinivasan S. aFunctional English Grammar/cShrinivasan S. Raghavan aChennaibUnique Media Integratorsc2015 aNo. 8, 6th Cross, 8th Main Road, Vaishanavi Nagar, ThirmullaivoyalbChennaie600109mumi.infobooks@gmail.com a224pc21cm(pbk)